[Event "Sachsen-Anhalt Landesliga-A 1920"]
[Site "Sachsen Anhalt"]
[Date "2019.12.08"]
[Round "4.7"]
[White "Granitzki, Erich"]
[Black "Boehme, Sebastian"]
[Result "1/2-1/2"]
[WhiteElo "1841"]
[BlackElo "1682"]
[PlyCount "42"]
[EventDate "2019.09.29"]
[EventType "team-tourn"]
[EventRounds "9"]
[EventCountry "GER"]
[SourceTitle "EXT 2023"]
[Source "ChessBase"]
[SourceDate "2022.10.05"]
[SourceVersion "1"]
[SourceVersionDate "2022.10.05"]
[SourceQuality "1"]
[WhiteTeam "Burger Schwarz Weiss"]
[BlackTeam "Bernburg Aufbau"]
[WhiteTeamCountry "GER"]
[BlackTeamCountry "GER"]

1. d4 Nf6 2. c4 g6 3. f3 Bg7 4. e4 d6 5. Nc3 0-0 6. Be3 Nbd7 7. Nh3 e5 8. d5 a5 9. Be2 b6 10. 0-0 Nc5 11. Nf2 Ne8 12. Qd2 f5 13. f4 Qe7 14. fxe5 Bxe5 15. Bg5 Bf6 16. Bxf6 Nxf6 17. exf5 Bxf5 18. Rae1 Qg7 19. Bf3 Rae8 20. a3 Rxe1 21. Rxe1 Re8 1/2-1/2

[Event "Sachsen-Anhalt Landesliga-A 1920"]
[Site "Sachsen Anhalt"]
[Date "2019.11.17"]
[Round "3.7"]
[White "Mueller, Mario"]
[Black "Granitzki, Erich"]
[Result "0-1"]
[WhiteElo "1765"]
[BlackElo "1841"]
[PlyCount "60"]
[EventDate "2019.09.29"]
[EventType "team-tourn"]
[EventRounds "9"]
[EventCountry "GER"]
[SourceTitle "EXT 2023"]
[Source "ChessBase"]
[SourceDate "2022.10.05"]
[SourceVersion "1"]
[SourceVersionDate "2022.10.05"]
[SourceQuality "1"]
[WhiteTeam "Magdeburg USC II"]
[BlackTeam "Burger Schwarz Weiss"]
[WhiteTeamCountry "GER"]
[BlackTeamCountry "GER"]

1. c4 Nf6 2. Nc3 g6 3. d4 Bg7 4. e4 d6 5. Be2 0-0 6. Nf3 Bg4 7. h3 Bxf3 8. Bxf3 Nc6 9. Be3 e5 10. d5 Nd4 11. Bxd4 exd4 12. Ne2 Nd7 13. Ng3 Ne5 14. Rc1 Qg5 15. h4 Qxc1 16. Qxc1 Nd3+ 17. Kd1 Nxc1 18. Kxc1 c5 19. dxc6 bxc6 20. b4 a5 21. b5 cxb5 22. cxb5 Rac8+ 23. Kd2 Rc5 24. Rb1 Rb8 25. a4 Be5 26. Be2 Rc3 27. Bd3 Ra3 28. Bc2 Bf4+ 29. Kd1 Bxg3 30. fxg3 Rxg3 0-1

[Event "Niedersachsen-ch Seniors op 14th"]
[Site "Bad Bevensen"]
[Date "2011.07.09"]
[Round "5"]
[White "Granitzki, Erich"]
[Black "Pape, Manfred"]
[Result "1-0"]
[WhiteElo "1889"]
[BlackElo "2071"]
[PlyCount "21"]
[EventDate "2011.07.05"]
[EventType "swiss"]
[EventRounds "9"]
[EventCountry "GER"]
[SourceTitle "EXT 2012"]
[Source "ChessBase"]
[SourceDate "2011.11.24"]
[SourceVersion "1"]
[SourceVersionDate "2011.11.24"]
[SourceQuality "1"]

1. d4 Nf6 2. c4 c5 3. d5 b5 4. Nd2 d6 5. e4 Qa5 6. Qc2 bxc4 7. Bxc4 g6 8. Ngf3 Bg7 9. 0-0 0-0 10. Nb3 Nbd7 11. Nxa5 1-0

[Event "Bad Bevensen Seniors op 12th"]
[Site "Bad Bevensen"]
[Date "2009.07.12"]
[Round "6"]
[White "Jesse, Gustav"]
[Black "Granitzki, Erich"]
[Result "0-1"]
[WhiteElo "1669"]
[BlackElo "1832"]
[PlyCount "64"]
[EventDate "2009.07.07"]
[EventType "swiss"]
[EventRounds "9"]
[EventCountry "GER"]
[SourceTitle "EXT 2022"]
[Source "ChessBase"]
[SourceDate "2021.10.06"]
[SourceVersion "1"]
[SourceVersionDate "2021.10.06"]
[SourceQuality "1"]

1. e4 c5 2. Nf3 d6 3. d4 cxd4 4. Nxd4 Nf6 5. Nc3 g6 6. Bc4 Bg7 7. 0-0 0-0 8. Kh1 Nc6 9. Nde2 Bd7 10. Bb3 Na5 11. f3 Nxb3 12. axb3 Bc6 13. Be3 b6 14. Nd4 Bb7 15. Qd2 Re8 16. Qf2 a6 17. Nde2 b5 18. Rfd1 Qc8 19. Nf4 Qc6 20. Rd2 Rac8 21. Nfd5 Nxd5 22. exd5 Qc7 23. Bd4 Bxd4 24. Qxd4 Qc5 25. Rad1 Qxd4 26. Rxd4 Rc7 27. Re1 Kf8 28. Re3 Rec8 29. Re2 a5 30. b4 a4 31. Rd3 a3 32. Nxb5 a2 0-1

[Event "Bad Bevensen Seniors op 12th"]
[Site "Bad Bevensen"]
[Date "2009.07.08"]
[Round "2"]
[White "Dietrich, Igor"]
[Black "Granitzki, Erich"]
[Result "0-1"]
[WhiteElo "1734"]
[BlackElo "1832"]
[PlyCount "118"]
[EventDate "2009.07.07"]
[EventType "swiss"]
[EventRounds "9"]
[EventCountry "GER"]
[SourceTitle "EXT 2022"]
[Source "ChessBase"]
[SourceDate "2021.10.06"]
[SourceVersion "1"]
[SourceVersionDate "2021.10.06"]
[SourceQuality "1"]

1. e4 c5 2. d4 cxd4 3. c3 g6 4. Nf3 Bg7 5. Bc4 e6 6. 0-0 Ne7 7. Qe2 Nbc6 8. Rd1 dxc3 9. Nxc3 0-0 10. Bf4 Bxc3 11. bxc3 Qa5 12. Qd2 d5 13. exd5 exd5 14. Bb3 Bg4 15. Qd3 Rfe8 16. h3 Bxf3 17. Qxf3 Rad8 18. g4 Qc5 19. Rd2 Na5 20. Rad1 Nxb3 21. axb3 Rc8 22. Rd3 b5 23. Be5 Nc6 24. Bf6 Ne5 25. Bxe5 Rxe5 26. Qf4 Rce8 27. Kf1 a5 28. Qd4 Qe7 29. Kg2 h5 30. Kf1 hxg4 31. Qxg4 Rg5 32. Qf3 Rf5 33. Qg4 Qe6 34. Kg1 Re5 35. Qxe6 fxe6 36. Kf1 Ra8 37. Rd4 a4 38. Ra1 a3 39. Rb4 Ra5 40. Ra2 Kg7 41. Rd4 Kf6 42. Rd1 Rh5 43. Kg2 Rh7 44. Rda1 Rha7 45. Kf3 Kf5 46. Re1 e5 47. Rd1 e4+ 48. Ke3 Ke5 49. Rg1 Rf7 50. Rg3 Ra6 51. h4 Raf6 52. Rxa3 Rf3+ 53. Ke2 Rxf2+ 54. Ke3 b4 55. Rg5+ R2f5 56. cxb4 Rxg5 57. hxg5 d4+ 58. Ke2 d3+ 59. Kd2 Kd4 0-1

[Event "Niedersachsen-ch Seniors op 11th"]
[Site "Bad Bevensen"]
[Date "2008.07.15"]
[Round "8"]
[White "Granitzki, Erich"]
[Black "Kluger, Hans Peter"]
[Result "1-0"]
[WhiteElo "1846"]
[BlackElo "1718"]
[PlyCount "105"]
[EventDate "2008.07.08"]
[EventType "swiss"]
[EventRounds "9"]
[EventCountry "GER"]
[SourceTitle "EXT 2022"]
[Source "ChessBase"]
[SourceDate "2021.10.06"]
[SourceVersion "1"]
[SourceVersionDate "2021.10.06"]
[SourceQuality "1"]

1. d4 d5 2. c4 c6 3. Nf3 Nf6 4. cxd5 cxd5 5. Nc3 e6 6. Bf4 a6 7. e3 Bd7 8. Bd3 Bb4 9. 0-0 Bxc3 10. bxc3 0-0 11. Rb1 b5 12. Ne5 Qa5 13. Bg5 Ne4 14. Be7 Re8 15. Bb4 Qd8 16. Bxe4 dxe4 17. Qc2 f5 18. f3 exf3 19. Rxf3 Bc6 20. Nxc6 Nxc6 21. Qb3 Nxb4 22. cxb4 Qf6 23. Rbf1 Kh8 24. d5 g6 25. Rd1 exd5 26. Rxd5 Rad8 27. h3 Rxd5 28. Qxd5 Rd8 29. Qb3 Qa1+ 30. Rf1 Qe5 31. Rc1 Kg7 32. Qc3 Qxc3 33. Rxc3 Rd1+ 34. Kh2 Rd6 35. Kg3 Kf6 36. h4 h6 37. Kf3 g5 38. hxg5+ hxg5 39. g4 Re6 40. gxf5 Kxf5 41. Rc5+ Kf6 42. e4 Kg6 43. Rc8 Rf6+ 44. Ke3 Kh5 45. e5 Re6 46. Ke4 Kg4 47. Kd5 Re7 48. Kd6 Rh7 49. e6 Rh6 50. Rf8 Rh2 51. e7 Rh6+ 52. Kd7 Rh7 53. Kd8 1-0

[Event "Niedersachsen-ch Seniors op 11th"]
[Site "Bad Bevensen"]
[Date "2008.07.13"]
[Round "6"]
[White "Granitzki, Erich"]
[Black "Goldinger, Josef"]
[Result "1-0"]
[WhiteElo "1846"]
[BlackElo "1772"]
[PlyCount "120"]
[EventDate "2008.07.08"]
[EventType "swiss"]
[EventRounds "9"]
[EventCountry "GER"]
[SourceTitle "EXT 2022"]
[Source "ChessBase"]
[SourceDate "2021.10.06"]
[SourceVersion "1"]
[SourceVersionDate "2021.10.06"]
[SourceQuality "1"]

1. d4 d5 2. c4 c6 3. Nf3 Nf6 4. cxd5 cxd5 5. Nc3 Nc6 6. Bf4 a6 7. Rc1 Bd7 8. e3 e6 9. h3 Rc8 10. Bd3 Be7 11. 0-0 0-0 12. Qe2 h6 13. Rfe1 Re8 14. Ne5 Nxe5 15. dxe5 Nh7 16. Qh5 Bg5 17. Bxh7+ Kxh7 18. Qxf7 Rf8 19. Bxg5 hxg5 20. Qh5+ Kg8 21. Qd1 Rf5 22. Ne2 Rxe5 23. Ng3 g6 24. Qd4 Rxc1 25. Rxc1 Qf6 26. Rc7 Bc6 27. Rc8+ Kh7 28. Qb4 Rf5 29. Nxf5 gxf5 30. Rc7+ Kg6 31. Qe7 Qxe7 32. Rxe7 Kf6 33. Rc7 e5 34. f3 f4 35. Kf2 d4 36. exd4 exd4 37. Ke2 Bb5+ 38. Kd2 Bf1 39. Rxb7 Bxg2 40. Rb6+ Ke5 41. Rxa6 Bxf3 42. Ra5+ Bd5 43. Rc5 Ke4 44. a4 Be6 45. Rxg5 Bxh3 46. Rg8 f3 47. Rf8 Bf5 48. a5 d3 49. a6 f2 50. a7 f1Q 51. a8Q+ Kd4 52. Qa4+ Ke5 53. Qb5+ Ke6 54. Qc4+ Ke5 55. Qc7+ Ke4 56. Re8+ Kf3 57. Re3+ Kg4 58. Qg3+ Kh5 59. Re1 Qh3 60. Qxh3+ Bxh3 1-0

[Event "Niedersachsen-ch Seniors op 11th"]
[Site "Bad Bevensen"]
[Date "2008.07.11"]
[Round "4"]
[White "Granitzki, Erich"]
[Black "Becker, Guenter"]
[Result "0-1"]
[WhiteElo "1846"]
[BlackElo "1716"]
[PlyCount "115"]
[EventDate "2008.07.08"]
[EventType "swiss"]
[EventRounds "9"]
[EventCountry "GER"]
[SourceTitle "EXT 2022"]
[Source "ChessBase"]
[SourceDate "2021.10.06"]
[SourceVersion "1"]
[SourceVersionDate "2021.10.06"]
[SourceQuality "1"]

1. d4 g6 2. e4 c6 3. Bd3 Bg7 4. Nf3 d5 5. exd5 cxd5 6. 0-0 Bg4 7. c3 e6 8. Be3 Ne7 9. Nbd2 Nbc6 10. Qb3 0-0 11. Bf4 Bxf3 12. Nxf3 Qd7 13. Rfe1 Rac8 14. Re2 Na5 15. Qd1 Nc4 16. b3 Nd6 17. Qd2 Nc6 18. Bh6 Rc7 19. Rae1 Re8 20. Bxg7 Kxg7 21. Qf4 f6 22. Qg3 Nd8 23. Rc2 b5 24. h4 N8f7 25. h5 g5 26. Nd2 f5 27. Nf3 f4 28. Qg4 h6 29. Bg6 Re7 30. Ne5 Qc8 31. Bxf7 Nxf7 32. Ng6 Re8 33. Nxf4 Rxc3 34. Rce2 e5 35. Qxc8 Rexc8 36. Nxd5 Rc2 37. dxe5 Rxe2 38. Rxe2 Rc5 39. Nf6 Nxe5 40. Nd7 Rc1+ 41. Kh2 Nc6 42. Kg3 Rd1 43. Nc5 Kf7 44. Ne4 Nd4 45. Nd6+ Kf6 46. Re4 Rd2 47. f3 Ne2+ 48. Kg4 Nc3 49. Re3 Nd1 50. Ne4+ Kf7 51. Nxd2 Nxe3+ 52. Kg3 Ke6 53. Kf2 Nd5 54. Ne4 Nf4 55. g4 Nd3+ 56. Ke3 Nc1 57. Nc5+ Kf7 58. a3 0-1

[Event "GER-ch Seniors Gp-A 19th"]
[Site "Templin"]
[Date "2007.08.31"]
[Round "9"]
[White "Granitzki, Erich"]
[Black "Dahlhaus, Friedhelm"]
[Result "0-1"]
[WhiteElo "1903"]
[BlackElo "1982"]
[PlyCount "96"]
[EventDate "2007.08.23"]
[EventType "swiss"]
[EventRounds "9"]
[EventCountry "GER"]
[SourceTitle "EXT 2022"]
[Source "ChessBase"]
[SourceDate "2021.10.06"]
[SourceVersion "1"]
[SourceVersionDate "2021.10.06"]
[SourceQuality "1"]

1. d4 Nf6 2. c4 e6 3. Nf3 b6 4. g3 Bb7 5. Bg2 Bb4+ 6. Bd2 Qe7 7. 0-0 0-0 8. a3 Bxd2 9. Qxd2 d6 10. Nc3 Nbd7 11. Rfe1 Ne4 12. Nxe4 Bxe4 13. Qf4 f5 14. Rac1 Rae8 15. Ng5 Bxg2 16. Kxg2 e5 17. dxe5 dxe5 18. Qd2 Nf6 19. Rcd1 Rd8 20. Qb4 c5 21. Qc3 Rfe8 22. Qc2 h6 23. Nh3 Qe6 24. e3 Qc6+ 25. f3 e4 26. f4 Rd3 27. Nf2 Ng4 28. Nxg4 fxg4 29. Qe2 Qd7 30. Rxd3 exd3 31. Qf2 Qc6+ 32. Kg1 Qe4 33. b3 Kh7 34. f5 Re5 35. Qd2 h5 36. Rd1 Qxe3+ 37. Qxe3 Rxe3 38. Kf2 Rf3+ 39. Kg2 Kg8 40. b4 Kf7 41. bxc5 bxc5 42. Rb1 Kf6 43. Rb7 Kxf5 44. Rxa7 Ke4 45. Rd7 Ke3 46. a4 Rf2+ 47. Kg1 Ra2 48. Re7+ Kd4 0-1

[Event "GER-ch Seniors Gp-A 19th"]
[Site "Templin"]
[Date "2007.08.28"]
[Round "6"]
[White "Granitzki, Erich"]
[Black "Gerhardt, Peter Michael"]
[Result "1/2-1/2"]
[WhiteElo "1903"]
[BlackElo "1968"]
[PlyCount "56"]
[EventDate "2007.08.23"]
[EventType "swiss"]
[EventRounds "9"]
[EventCountry "GER"]
[SourceTitle "EXT 2022"]
[Source "ChessBase"]
[SourceDate "2021.10.06"]
[SourceVersion "1"]
[SourceVersionDate "2021.10.06"]
[SourceQuality "1"]

1. d4 Nf6 2. c4 c5 3. d5 b5 4. cxb5 a6 5. bxa6 Bxa6 6. Nc3 g6 7. g3 Bg7 8. Bg2 d6 9. Nf3 0-0 10. 0-0 Nbd7 11. Rb1 Qc7 12. Re1 Rfb8 13. Bg5 h6 14. Bxf6 Bxf6 15. Qd2 Kh7 16. e4 Qa5 17. Bh3 Nb6 18. e5 Nc4 19. Qf4 dxe5 20. Nxe5 Nxe5 21. Rxe5 Bxe5 22. Qxe5 Qd8 23. Re1 Rxb2 24. Qxe7 Rb7 25. Qxc5 Rc7 26. Qe3 Qf6 27. Ne4 Qe5 28. d6 Rc2 1/2-1/2

[Event "GER-ch Seniors Gp-A 19th"]
[Site "Templin"]
[Date "2007.08.23"]
[Round "1"]
[White "Granitzki, Erich"]
[Black "Rotstein, Jefim"]
[Result "0-1"]
[WhiteElo "1903"]
[BlackElo "2337"]
[PlyCount "102"]
[EventDate "2007.08.23"]
[EventType "swiss"]
[EventRounds "9"]
[EventCountry "GER"]
[SourceTitle "EXT 2022"]
[Source "ChessBase"]
[SourceDate "2021.10.06"]
[SourceVersion "1"]
[SourceVersionDate "2021.10.06"]
[SourceQuality "1"]

1. d4 Nf6 2. c4 c5 3. d5 e5 4. Nc3 d6 5. e4 Be7 6. Be2 0-0 7. f4 exf4 8. Bxf4 Nbd7 9. Nf3 Re8 10. 0-0 Bf8 11. Qc2 Ng4 12. h3 Nge5 13. Rae1 a6 14. Nd1 g6 15. Ne3 Bg7 16. Kh1 Nxf3 17. Rxf3 Ne5 18. Bxe5 Bxe5 19. Ref1 Rf8 20. Bd3 b6 21. Qf2 Ra7 22. b3 Qg5 23. Nc2 Re7 24. Qe3 Qxe3 25. Nxe3 h5 26. g4 hxg4 27. Nxg4 Bxg4 28. hxg4 Kg7 29. Kg2 Rh8 30. Rh3 Rxh3 31. Kxh3 Kh6 32. Kh4 Bf4 33. g5+ Bxg5+ 34. Kg4 Bd2 35. Rf6 Rd7 36. e5 dxe5 37. Rxb6 a5 38. Rc6 Bb4 39. Bf5 Rd8 40. Bc8 Kg7 41. d6 Bc3 42. Kf3 f5 43. Be6 e4+ 44. Ke2 Bf6 45. d7 Be7 46. Rc7 Kf6 47. Bd5 Ke5 48. Rc6 Rxd7 49. Rxg6 Bf6 50. Rg8 Rh7 51. Rg2 f4 0-1

[Event "Sachsen-Anhalt-ch Seniors 13th "]
[Site "Osterburg"]
[Date "2005.06.14"]
[Round "5"]
[White "Granitzki, Erich"]
[Black "Schwertel, Johann"]
[Result "1/2-1/2"]
[WhiteElo "1914"]
[BlackElo "1912"]
[PlyCount "48"]
[EventDate "2005.06.10"]
[EventType "swiss"]
[EventRounds "7"]
[EventCountry "GER"]
[SourceTitle "EXT 2007"]
[Source "ChessBase"]
[SourceDate "2006.11.23"]
[SourceVersion "1"]
[SourceVersionDate "2006.11.23"]
[SourceQuality "1"]

1. d4 d5 2. c4 c6 3. Nf3 Nf6 4. cxd5 cxd5 5. Nc3 e6 6. Bf4 Bd6 7. Bxd6 Qxd6 8. e3 a6 9. Bd3 0-0 10. 0-0 Nc6 11. Rc1 Bd7 12. Re1 e5 13. dxe5 Nxe5 14. Nxe5 Qxe5 15. Be2 Bf5 16. Qd4 Qe6 17. Red1 Rfd8 18. Bf3 Rac8 19. Ne2 Rxc1 20. Rxc1 Qd7 21. Qf4 Rc8 22. Rxc8+ Qxc8 23. h3 Be4 24. Nd4 h6 1/2-1/2

[Event "Brandenburg-ch Seniors 11th"]
[Site "Lindow"]
[Date "2003.09.20"]
[Round "1"]
[White "Granitzki, Erich"]
[Black "Biehler, Peter"]
[Result "1-0"]
[WhiteElo "1811"]
[BlackElo "1620"]
[PlyCount "127"]
[EventDate "2003.09.??"]
[EventType "swiss"]
[EventRounds "7"]
[EventCountry "GER"]
[SourceTitle "EXT 2006"]
[Source "ChessBase"]
[SourceDate "2005.11.24"]
[SourceVersion "1"]
[SourceVersionDate "2005.11.24"]
[SourceQuality "1"]

1. d4 d5 2. c4 e6 3. Nc3 Nf6 4. Nf3 Nbd7 5. e3 c5 6. Bd3 cxd4 7. exd4 dxc4 8. Bxc4 Nb6 9. Bd3 Be7 10. 0-0 0-0 11. Re1 Nbd5 12. Ne5 a6 13. Bg5 h6 14. Nxd5 Nxd5 15. Bxe7 Qxe7 16. Rc1 Qg5 17. Qg4 Qxg4 18. Nxg4 b5 19. Be4 Bb7 20. Ne3 Rfd8 21. Rc5 Rd7 22. Bxd5 Bxd5 23. Nxd5 Rxd5 24. Rxd5 exd5 25. f3 Kf8 26. Rc1 Ke7 27. Rc7+ Ke6 28. Kf2 Rd8 29. b4 Rd6 30. h4 h5 31. Ke3 Kf6 32. Kf4 g6 33. g4 hxg4 34. fxg4 Re6 35. Kf3 Re4 36. Rc6+ Kg7 37. Rxa6 Rxd4 38. a3 Rd3+ 39. Kf4 f6 40. Ra7+ Kf8 41. Rb7 Rd4+ 42. Kf3 Rd3+ 43. Ke2 Rxa3 44. Rxb5 Rg3 45. h5 Rxg4 46. hxg6 Kg7 47. Rb8 Rc4 48. b5 Kxg6 49. b6 Kf5 50. b7 Rb4 51. Kd3 Kf4 52. Kc3 Rb6 53. Kd4 f5 54. Kxd5 Kf3 55. Kc5 Rb1 56. Kc6 f4 57. Re8 Kf2 58. b8Q Rxb8 59. Rxb8 f3 60. Kd5 Ke3 61. Rb3+ Ke2 62. Ke4 f2 63. Rb2+ Ke1 64. Ke3 1-0